| 000 | 00647nam a22002057a 4500 | ||
|---|---|---|---|
| 999 |
_c16855 _d16855 |
||
| 003 | AR-CdUCM | ||
| 008 | 190327b ||||| |||| 00| 0 spa d | ||
| 040 |
_aMUNICIPALIDAD PROVINCIAL DEL CUSCO _cBIBLIOTECA MUNICIPAL DEL CUSCO |
||
| 082 |
_a869.55 / _bSE456 |
||
| 100 |
_aSegura, Manuel Ascensio _92695 |
||
| 245 | _aÑa Catita / | ||
| 260 |
_bTalleres de la UNMSM, _c1969.. _aLima : |
||
| 300 |
_a163 páginas ; _c16 cm. |
||
| 505 | _aContenido: Comedia en cuatro actos. | ||
| 650 |
_aComedia en cuatro actos _925498 |
||
| 650 |
_aTeatro _9173 |
||
| 650 |
_aHistoria latinoamericana _912945 |
||
| 942 |
_2ddc _cLIBROS |
||
| 945 |
_awnts _d2019-05-6 |
||